| 000 | 00491nam a22001695i 4500 | ||
|---|---|---|---|
| 001 | 48301 | ||
| 003 | ES-MaACL | ||
| 005 | 20230906161729.0 | ||
| 007 | t| | ||
| 008 | 950713s1867 fr ||||1| fre d | ||
| 080 | _a94(72)"1861/67" | ||
| 245 | 0 | 3 |
_aLa chute de l'Empire du Mexique / _cpar un mexicain. |
| 260 |
_aParis : _bCharles Douniol, _c1867. |
||
| 300 |
_a32 p. ; _c23 cm. |
||
| 651 | 4 |
_aMéxico- _xHistoria- _y1861-1867, Intervención europea. _9146885 |
|
| 852 | 4 |
_aES-MaACL _jT-95-F-15 |
|
| 999 |
_c48301 _d48301 |
||